Statistics for 10 Most Populated Cities In Switzerland

Click here to take the quiz!

General Stats

  • This quiz has been taken 50 times
    (25 since last reset)
  • The average score is 6 of 10

Answer Stats

PopAnswer% Correct
336445Zurich
100%
140228Bern
96%
177500Geneva
88%
165000Basel
76%
129273Lausanne
72%
68500Lugano
36%
77491Lucerne
32%
70000St Gallen
28%
100000Winterthur
20%
51556Biel/Bienne
16%

Score Distribution

Percentile by Number Answered

Percent of People with Each Score

Your Score History

You have not taken this quiz since the last reset